Le scandale de la gaine (illustration) (notice n° 1605249)

détails MARC
000 -LEADER
fixed length control field 01917cam a2200193 4500500
005 - DATE AND TIME OF LATEST TRANSACTION
control field 20251228095007.0
041 ## - LANGUAGE CODE
Language code of text/sound track or separate title fre
042 ## - AUTHENTICATION CODE
Authentication code dc
100 10 - MAIN ENTRY--PERSONAL NAME
Personal name Bouit, Delphine
Relator term author
245 00 - TITLE STATEMENT
Title Le scandale de la gaine (illustration)
260 ## - PUBLICATION, DISTRIBUTION, ETC.
Date of publication, distribution, etc. 2014.<br/>
500 ## - GENERAL NOTE
General note 13
520 ## - SUMMARY, ETC.
Summary, etc. À suivre le fil des événements, on est tenté de parler d’une banalisation du terme de « scandale » tout comme Hannah Arendt parla de « banalité du mal ». Le vrai scandale est à chercher ailleurs, dans ce qui a pu, à telle ou telle époque, faire rupture avec un « mode de penser » considéré comme évident par la majorité. Quelques noms se détachent alors dans l’histoire de la pensée, celui de Freud n’est pas le moindre.
520 ## - SUMMARY, ETC.
Summary, etc. Following the string of events, one is tempted to speak of a normalization of the term “scandal”, just as Hannah Arendt talked about “the banality of evil.” The real scandal is to be found elsewhere, in what could at such and such an era constitute a rupture with a “way of thinking” that had been considered obvious by the majority. Several names stand out in the history of thinking, not least of all Freud’s.
520 ## - SUMMARY, ETC.
Summary, etc. Seguindo o fio dos acontecimentos, temos tendência a falar de uma banalização do termo « escândalo », um pouco à semelhança dessa « banalidade do mal » evocada por Hannah Arendt. Ora, o verdadeiro escândalo esconde-se noutros lugares, naquilo que, em determinada época, poderá ter constituído uma ruptura com um « modo de pensamento » considerado como evidente para a maioria das pessoas. Nomes existem que se destacam nesta história do pensamento, não sendo Freud um dos menos importantes.
700 10 - ADDED ENTRY--PERSONAL NAME
Personal name Lévi, Florence
Relator term author
786 0# - DATA SOURCE ENTRY
Note Sigila | 33 | 1 | 2014-03-03 | p. 59-59 | 1286-1715
856 41 - ELECTRONIC LOCATION AND ACCESS
Uniform Resource Identifier <a href="https://shs.cairn.info/revue-sigila-2014-1-page-59?lang=fr&redirect-ssocas=7080">https://shs.cairn.info/revue-sigila-2014-1-page-59?lang=fr&redirect-ssocas=7080</a>

Pas d'exemplaire disponible.

PLUDOC

PLUDOC est la plateforme unique et centralisée de gestion des bibliothèques physiques et numériques de Guinée administré par le CEDUST. Elle est la plus grande base de données de ressources documentaires pour les Étudiants, Enseignants chercheurs et Chercheurs de Guinée.

Adresse

627 919 101/664 919 101

25 boulevard du commerce
Kaloum, Conakry, Guinée

Réseaux sociaux

Powered by Netsen Group @ 2025